The Sociology of Knowledge : (Record no. 611228)

MARC details
000 -LEADER
fixed length control field 00497nam a2200193 a 4500
008 - FIXED-LENGTH DATA ELEMENTS--GENERAL INFORMATION
fixed length control field 260207s1998##################000#0#eng##
020 ## - INTERNATIONAL STANDARD BOOK NUMBER
ISBN 9780415175197
082 04 - DEWEY DECIMAL CLASSIFICATION NUMBER
Classification number 306.42
Item number STA
100 1# - MAIN ENTRY--AUTHOR NAME
Personal name Stark, Werner,
245 10 - TITLE STATEMENT
Title The Sociology of Knowledge :
260 ## - PUBLICATION, DISTRIBUTION, ETC. (IMPRINT)
Name of publisher Psychology Press,
Year of publication 1998.
300 ## - PHYSICAL DESCRIPTION
Number of Pages 372 pages
650 #0 - SUBJECT ADDED ENTRY--TOPICAL TERM
Topical Term Philosophy.
942 ## - ADDED ENTRY ELEMENTS (KOHA)
Koha item type English Books
Holdings
Withdrawn status Lost status Damaged status Not for loan Home library Current library Shelving location Date acquired Full call number Accession Number Price effective from Koha item type
        Anna Centenary Library Anna Centenary Library 3RD FLOOR, B WING 07.02.2026 306.42 STA 180871 07.02.2026 English Books

Find us on the map